Nortel networks : (Record no. 136337)

MARC details
000 -LEADER
fixed length control field 00721nam a22002297a 4500
005 - DATE AND TIME OF LATEST TRANSACTION
control field 20170124110258.0
010 ## - LIBRARY OF CONGRESS CONTROL NUMBER
LC control number B-061628
020 ## - INTERNATIONAL STANDARD BOOK NUMBER
International Standard Book Number 0070444781
Terms of availability 00.00
035 ## - SYSTEM CONTROL NUMBER
System control number B-061628
037 ## - SOURCE OF ACQUISITION
Source of stock number/acquisition Cen Lib/Ret
040 ## - CATALOGING SOURCE
Original cataloging agency DPL
Language of cataloging EN
082 ## - DEWEY DECIMAL CLASSIFICATION NUMBER
Classification number 005.754
Item number KNA
100 ## - MAIN ENTRY--PERSONAL NAME
Personal name Knapp, James
9 (RLIN) 142362
245 ## - TITLE STATEMENT
Title Nortel networks :
Statement of responsibility, etc by James Knapp
Remainder of title the complete reference /
260 ## - PUBLICATION, DISTRIBUTION, ETC. (IMPRINT)
Place of publication, distribution, etc New Delhi
Name of publisher, distributor, etc Tata McGrwa Hill Publishing Company
Date of publication, distribution, etc 2001
270 ## - ADDRESS
Address 7, west patel nagar
City New Delhi
Postal code 110008
300 ## - PHYSICAL DESCRIPTION
Extent xxii, 1272p.
Dimensions 23cm(Hb)
500 ## - GENERAL NOTE
General note Includes appendix and index
650 ## - SUBJECT ADDED ENTRY--TOPICAL TERM
Topical term or geographic name as entry element Computer science
9 (RLIN) 142363
650 ## - SUBJECT ADDED ENTRY--TOPICAL TERM
Topical term or geographic name as entry element Nortel networks
Form subdivision Guide
9 (RLIN) 35992
942 ## - ADDED ENTRY ELEMENTS (KOHA)
Source of classification or shelving scheme Dewey Decimal Classification
Koha item type English Books
Classification part 005.754
Call number suffix KNA
Holdings
Withdrawn status Lost status Damaged status Not for loan Home library Current library Date acquired Source of acquisition Total Checkouts Full call number Barcode Date last seen Copy number Price effective from Koha item type
        Central Library Central Library 28/03/2016 Cen Lib/Ref   005.754 KNA B-061628 28/03/2016 1 28/03/2016 English Books

© Delhi Public Library
Hit Counter
free hit counter